[Event "NZL-ch Major op"]
[Site "Christchurch"]
[Date "2022.01.05"]
[Round "4"]
[White "Suazo, Benedict"]
[Black "Hwang, Ryan"]
[Result "1-0"]
[WhiteElo "1853"]
[BlackElo "1167"]
[PlyCount "135"]
[EventDate "2022.01.02"]
[EventType "swiss"]
[EventRounds "9"]
[EventCountry "NZL"]
[SourceTitle "EXT 2024"]
[Source "ChessBase"]
[SourceDate "2023.10.10"]
[SourceVersion "1"]
[SourceVersionDate "2023.10.10"]
[SourceQuality "1"]

1. d4 d5 2. Bf4 Nf6 3. e3 Bf5 4. Bd3 Bxd3 5. Qxd3 Nc6 6. Nc3 e6 7. Nb5 Rc8 8. Nf3 a6 9. Nc3 Bb4 10. a3 Bd6 11. Ne5 Bxe5 12. Bxe5 Nxe5 13. dxe5 Nd7 14. f4 c6 15. 0-0 0-0 16. Ne2 c5 17. c4 dxc4 18. Qxc4 b5 19. Qc2 Nb6 20. Rad1 Qe7 21. Nc3 Nc4 22. Qe2 Rfd8 23. a4 Qb7 24. axb5 axb5 25. b3 Na3 26. Rd6 Rxd6 27. exd6 f5 28. e4 c4 29. exf5 Qb6+ 30. Kh1 Qxd6 31. bxc4 bxc4 32. Qxe6+ Qxe6 33. fxe6 Re8 34. f5 Nc2 35. Rf4 Ne3 36. Kg1 Rd8 37. Kf2 Rd2+ 38. Kxe3 Rd3+ 39. Ke2 Rxc3 40. Rd4 Kf8 41. Kd2 Ra3 42. Rxc4 Ra5 43. g4 Ra2+ 44. Rc2 Ra4 45. h3 Ra3 46. Rc3 Ra2+ 47. Ke3 Rh2 48. Kf4 h6 49. Kg3 Rh1 50. Kh4 Rd1 51. Kh5 Rd8 52. Kg6 Re8 53. Rc7 Re7 54. Rc8+ Re8 55. Rxe8+ Kxe8 56. Kxg7 Ke7 57. Kxh6 Kf6 58. h4 Ke7 59. Kg7 Kd6 60. Kf7 Ke5 61. e7 Kf4 62. e8Q Kxg4 63. Qe4+ Kh3 64. h5 Kh2 65. Qg4 Kh1 66. h6 Kh2 67. h7 Kh1 68. h8Q# 1-0

[Event "North Island-ch"]
[Site "Wellington"]
[Date "2021.04.05"]
[Round "7"]
[White "Dunn, Paul"]
[Black "Suazo, Benedict"]
[Result "1-0"]
[WhiteElo "2178"]
[BlackElo "1839"]
[PlyCount "87"]
[EventDate "2021.04.02"]
[EventType "swiss"]
[EventRounds "8"]
[EventCountry "NZL"]
[SourceTitle "EXT 2024"]
[Source "ChessBase"]
[SourceDate "2023.10.10"]
[SourceVersion "1"]
[SourceVersionDate "2023.10.10"]
[SourceQuality "1"]

1. d4 e6 2. e4 d5 3. Nc3 Nf6 4. e5 Nfd7 5. f4 c5 6. Nf3 cxd4 7. Nb5 Qa5+ 8. Bd2 Qb6 9. a4 Nc6 10. a5 Qd8 11. Nbxd4 Bc5 12. Bc3 0-0 13. Bd3 Nxd4 14. Nxd4 Qh4+ 15. g3 Qh3 16. Bf1 Qh6 17. Qd2 Bxd4 18. Bxd4 f6 19. 0-0-0 b6 20. axb6 axb6 21. b3 fxe5 22. fxe5 Qxd2+ 23. Kxd2 Nc5 24. Bd3 Ra2 25. Kc1 Ba6 26. Kb1 Bxd3 27. Kxa2 Bxc2 28. Bxc5 Ra8+ 29. Ba3 Bxd1 30. Rxd1 Kf7 31. Kb2 Kg6 32. Rf1 h5 33. h3 Rc8 34. Bd6 Ra8 35. Rf3 Ra7 36. Kc3 Ra5 37. Rf4 Rb5 38. b4 Kg5 39. Kb3 d4 40. Rxd4 Rd5 41. Rxd5 exd5 42. e6 Kf6 43. e7 Kf7 44. Kc3 1-0

[Event "South Island-ch"]
[Site "Dunedin"]
[Date "2020.10.06"]
[Round "4"]
[White "Johnson, Quentin JF"]
[Black "Suazo, Benedict"]
[Result "1/2-1/2"]
[WhiteElo "1990"]
[BlackElo "1797"]
[PlyCount "124"]
[EventDate "2020.10.03"]
[EventType "swiss"]
[EventRounds "7"]
[EventCountry "NZL"]
[SourceTitle "EXT 2024"]
[Source "ChessBase"]
[SourceDate "2023.10.10"]
[SourceVersion "1"]
[SourceVersionDate "2023.10.10"]
[SourceQuality "1"]

1. d4 e6 2. c4 b6 3. Nf3 Bb7 4. g3 f5 5. Bg2 Nf6 6. 0-0 Be7 7. Nc3 Ne4 8. d5 Nxc3 9. bxc3 Bf6 10. Nd4 0-0 11. Ba3 Re8 12. Rb1 Bxd4 13. Qxd4 e5 14. Qd2 d6 15. c5 Na6 16. c6 Bc8 17. f4 Qf6 18. e3 Nc5 19. Bxc5 dxc5 20. c4 e4 21. Rfd1 Rd8 22. Qb2 Qxb2 23. Rxb2 Kf7 24. Kf2 Ke7 25. Ke1 a5 26. Rdd2 Ba6 27. Bf1 Rd6 28. Kd1 Rg8 29. Kc2 g5 30. fxg5 Rxg5 31. Kc3 Kf6 32. Rf2 Ke5 33. Rf4 Rg4 34. Rbf2 Rxf4 35. Rxf4 Rh6 36. h3 Rg6 37. g4 fxg4 38. hxg4 Rf6 39. Rxf6 Kxf6 40. d6 cxd6 41. g5+ Kxg5 42. Bh3 h5 43. c7 Kh4 44. c8Q Bxc8 45. Bxc8 Kg3 46. Bf5 Kf2 47. Kd2 h4 48. Bxe4 h3 49. a4 h2 50. Bh1 Kg1 51. Ke2 b5 52. axb5 a4 53. b6 a3 54. b7 a2 55. b8Q a1Q 56. Bd5 Qf1+ 57. Kd2 Qf2+ 58. Kd3 Qf5+ 59. Be4 Qxe4+ 60. Kxe4 h1Q+ 61. Kd3 Qh7+ 62. Kd2 Qh2+ 1/2-1/2